000 00399nam a2200133Ia 4500
005 20260328104319.0
008 260328s9999||||xx |||||||||||||| ||und||
100 _aPålsson, Karsten
245 0 _aCómo Diseñar Ciudades Humanas. Manual de Construcción y Diseño. Espacios Públicos y Urbanización /
_cKarsten Pålsson
260 _bDOM
300 _a271 p.
650 _aURBANISMO
942 _cBK
999 _c11293
_d11293